|
|
|
|
| LEADER |
01298nam a2200361Ia 4500 |
| 001 |
EBC988743 |
| 003 |
MiAaPQ |
| 005 |
20200520144314.0 |
| 006 |
m o d | |
| 007 |
cr cn||||||||| |
| 008 |
120430t20122013flu sb 001 0 eng d |
| 010 |
|
|
|z 2012015768
|
| 020 |
|
|
|z 9781466509498 (hardcover : alk. paper)
|
| 020 |
|
|
|z 9781466509528
|
| 035 |
|
|
|a (MiAaPQ)EBC988743
|
| 035 |
|
|
|a (Au-PeEL)EBL988743
|
| 035 |
|
|
|a (CaPaEBR)ebr10587647
|
| 035 |
|
|
|a (CaONFJC)MIL531309
|
| 035 |
|
|
|a (OCoLC)804661348
|
| 040 |
|
|
|a MiAaPQ
|c MiAaPQ
|d MiAaPQ
|
| 050 |
|
4 |
|a HD31
|b .I515 2012
|
| 082 |
0 |
4 |
|a 658
|2 23
|
| 100 |
1 |
|
|a Inamori, Kazuo,
|d 1932-
|
| 245 |
1 |
0 |
|a Amoeba management
|h [electronic resource] :
|b the dynamic management system for rapid market response /
|c Kazuo Inamori.
|
| 260 |
|
|
|a Boca Raton :
|b CRC Press,
|c 2012, c2013.
|
| 300 |
|
|
|a xiii, 146 p.
|
| 504 |
|
|
|a Includes bibliographical references and index.
|
| 533 |
|
|
|a Electronic reproduction. Ann Arbor, MI : ProQuest, 2015. Available via World Wide Web. Access may be limited to ProQuest affiliated libraries.
|
| 650 |
|
0 |
|a Management.
|
| 650 |
|
0 |
|a Leadership.
|
| 655 |
|
4 |
|a Electronic books.
|
| 710 |
2 |
|
|a ProQuest (Firm)
|
| 856 |
4 |
0 |
|u https://ebookcentral.proquest.com/lib/matrademy/detail.action?docID=988743
|z Click to View
|